000 01123cam a2200289 a 4500
001 634562
003 ARRUPE
005 20160406122939.0
008 930113s1993 njuab b 001 0beng
010 _a 93020058
020 _a0862324432 :
_c$49.95
020 _a0862324440 (pbk.) :
_c$19.95
040 _aDLC
_cDLC
_dDLC
043 _af-so---
050 0 0 _aDT404.3.M38
_bS54 1993
082 0 0 _a967.73/03/092
_220
100 2 _aSheik-ʻAbdi, ʻAbdi
_q(ʻAbdi ʻAbdulqadir).
_923579
245 1 0 _aDivine madness :
_bMoḥammed ʻAbdulle Ḥassan (1856-1920) /
_cby ʻAbdi Sheik-ʻAbdi.
260 _aLondon
_bZed Books,
_cc1993.
300 _axi, 226 p. :
_bill., maps ;
_c22 cm..
504 _aIncludes bibliographical references (p. 215-221) and index.
600 0 0 _aMaxamad Cabdulle Xasan,
_d1864-1920.
_923580
650 0 _aMaxamad Cabdulle Xasan's Rebellion, Somalia, 1900-1920.
_923581
906 _a7
_bcbc
_corignew
_d1
_eocip
_f19
_gy-gencatlg
942 _2lcc
_cMONOGRAPH
999 _c124537
_d124537